| 000 | 01100nam a2200265 i 4500 | ||
|---|---|---|---|
| 003 | IT-RoINE | ||
| 005 | 20161019150509.0 | ||
| 008 | 910508s1988 sp eo r |||0|||spa d | ||
| 020 | _a8440436629 | ||
| 040 |
_aSpMaBN _cSpMaBN IT-RoINE _dIT-RoINE |
||
| 100 |
_aCastro, Manuel de, _cO.F.M., _d1918- _914676 |
||
| 245 | 1 | 3 |
_aEl monasterio de Santa Clara de Ribadeo : _bhistoria y colección documental / _cManuel de Castro, Mª Ángeles de la Cruz. |
| 260 |
_aEl Ferrol : _bEstudios Mindonienses, _c1988. |
||
| 300 |
_a151 p., [12] p. de lám. : _bplanos, fot. ; _c24 cm. |
||
| 336 |
_2rdacontent _atext |
||
| 337 |
_2rdamedia _aunmediated |
||
| 338 |
_2rdacarrier _avolume |
||
| 490 | 1 |
_aPublicaciones de Estudios mindonienses y Caixa Galicia ; _v2 |
|
| 500 | _aIncluye apéndice documental. | ||
| 504 | _aIncluye referencias bibliográficas en notas. | ||
| 610 | 2 | 4 |
_aMonasterio de Santa Clara (Ribadeo, España) _xHistoria _xFuentes _926618 |
| 700 | 1 |
_aCruz, María Ángeles de la, _cO.S.C. _926619 |
|
| 830 | 0 |
_aPublicaciones de Estudios mindonienses y Caixa Galicia ; _926620 _v2 |
|
| 942 | _cMTS | ||
| 999 |
_c13093 _d13093 |
||